| 000 | 01392cam a2200217 4500 | ||
|---|---|---|---|
| 001 | L136797 | ||
| 008 | 070223n2007 000 0 eng u | ||
| 035 | _a(Sirsi) u136797 | ||
| 041 | 0 | _aeng | |
| 050 | _a306.1 $2 18 | ||
| 110 | 2 |
_aAudit Commission for Local Authorities in England and Wales _92030 |
|
| 245 | 0 | 4 |
_aThe future regulation of housing _h[electronic resource] |
| 260 |
_aLondon _bAudit Commission _c2007 |
||
| 505 | 2 | _aThe regulatory environment for public services -- The future context for public service delivery -- The strategic regulation of places -- The strategic regulation of housing -- Improving outcomes for customers -- Improving places -- Improving value for money -- A regulatory framework that is proportionate to risk, scale and performance. | |
| 520 | _aResponse from the Audit Commission to the call for evidence from Professor Martin Cave in connection with his review of regulation across the housing sector, being undertaken at the request of the Department for Communities and Local Government. | ||
| 590 | _aKA NTK | ||
| 651 | 4 |
_aEngland and Wales _y1543- |
|
| 690 |
_aResidential property _96266 |
||
| 856 | 4 | 0 |
_uhttps://www.audit-commission.gov.uk/reports/NATIONAL-REPORT.asp?CategoryID=PRESS-CENTRE&ProdID=A8B6B973-8912-4BEA-89A3-049A416441BB&fromPRESS=NATIONAL-REPORT _zView the paper free of charge at www.audit-commission.gov.uk... |
| 942 | _n0 | ||
| 999 |
_c106508 _d106508 |
||